Drapeaux du Monde - Aléatoire - Statistiques

Statistiques générales
  • Ce quiz a été pris 89 fois
  • Le résultat moyen est 126 sur 196
Statistiques - réponses
Par images Réponse % Correct
Maroc
82%
Suisse
80%
Turquie
80%
Argentine
78%
Belgique
78%
Canada
78%
Chine
78%
Danemark
78%
France
78%
Luxembourg
78%
Brésil
76%
Égypte
76%
Finlande
76%
Mexique
76%
Monaco
76%
Pays-Bas
76%
Portugal
76%
Roumanie
76%
Tunisie
76%
Ukraine
76%
Afrique du Sud
74%
Allemagne
74%
Australie
74%
Chypre
74%
Corée du Sud
74%
Croatie
74%
Espagne
74%
Grèce
74%
Israël
74%
Italie
74%
République tchèque
74%
Royaume-Uni
74%
Russie
74%
Autriche
72%
Colombie
72%
Côte d'Ivoire
72%
Géorgie
72%
Inde
72%
Japon
72%
Kenya
72%
Macédoine du Nord
72%
Malaisie
72%
Népal
72%
Nigeria
72%
Serbie
72%
Slovaquie
72%
Suède
72%
Uruguay
72%
Vatican
72%
Cap-Vert
70%
Chili
70%
Équateur
70%
Iran
70%
Islande
70%
Jamaïque
70%
Kazakhstan
70%
Liban
70%
Norvège
70%
Nouvelle-Zélande
70%
Pérou
70%
Sénégal
70%
Slovénie
70%
Viêt Nam
70%
Albanie
68%
Algérie
68%
Andorre
68%
Bosnie-Herzégovine
68%
Cameroun
68%
Corée du Nord
68%
Honduras
68%
Indonésie
68%
Irlande
68%
Kosovo
68%
Malte
68%
Panama
68%
Pologne
68%
Qatar
68%
Saint-Marin
68%
Somalie
68%
Venezuela
68%
Arabie Saoudite
66%
Azerbaïdjan
66%
Bangladesh
66%
Cambodge
66%
Estonie
66%
Etats-Unis
66%
Éthiopie
66%
Libye
66%
Liechtenstein
66%
Mali
66%
République démocratique du Congo
66%
Seychelles
66%
Singapour
66%
Tchad
66%
Barbade
64%
Bhoutan
64%
Bulgarie
64%
Costa Rica
64%
Haïti
64%
Irak
64%
Lettonie
64%
Liberia
64%
Lituanie
64%
Madagascar
64%
Mauritanie
64%
Moldavie
64%
Mongolie
64%
Niger
64%
Ouzbékistan
64%
Pakistan
64%
République dominicaine
64%
Sri Lanka
64%
Thaïlande
64%
Arménie
62%
Biélorussie
62%
Burkina Faso
62%
Dominique
62%
Eswatini
62%
Gabon
62%
Ghana
62%
Hongrie
62%
Laos
62%
Monténégro
62%
Palaos
62%
Philippines
62%
République Centrafricaine
62%
Sainte-Lucie
62%
Salvador
62%
Taïwan
62%
Afghanistan
60%
Angola
60%
Bahreïn
60%
Botswana
60%
Cuba
60%
Djibouti
60%
Émirats arabes unis
60%
Fidji
60%
Guyana
60%
Ouganda
60%
Papouasie-Nouvelle- Guinée
60%
République du Congo
60%
Suriname
60%
Tanzanie
60%
Comores
58%
Jordanie
58%
Kirghizistan
58%
Koweït
58%
Oman
58%
Paraguay
58%
Sierra Leone
58%
Tadjikistan
58%
Tonga
58%
Bahamas
56%
Bénin
56%
Birmanie
56%
Bolivie
56%
Brunei
56%
Burundi
56%
Érythrée
56%
Guatemala
56%
Guinée
56%
Kiribati
56%
Malawi
56%
Maldives
56%
Micronésie
56%
Rwanda
56%
Togo
56%
Turkménistan
56%
Zambie
56%
Zimbabwe
56%
Île Maurice
54%
Namibie
54%
Nicaragua
54%
Samoa
54%
Timor oriental
54%
Vanuatu
54%
Yémen
54%
Gambie
52%
Grenade
52%
Guinée équatoriale
52%
Lesotho
52%
Mozambique
52%
Saint-Vincent-et-les- Grenadines
52%
Trinité-et-Tobago
52%
Antigua-et-Barbuda
50%
Belize
50%
Îles Marshall
50%
Soudan
50%
Syrie
50%
Tuvalu
50%
Guinée-Bissau
48%
Nauru
48%
Sao Tomé-et-Principe
48%
Soudan du Sud
48%
Salomon
44%
Saint-Christophe- et-Niévès
42%
Aucun quiz correspondant
Distribution des résultats
% des personnes avec chaque résultat
Percentile par nombre de réponses
Votre historique - résultats
Vous n’avez pas pris ce quiz